| 000 | 00649nam a2200193 i 4500 | ||
|---|---|---|---|
| 001 | 59200 | ||
| 003 | ES-MaACL | ||
| 005 | 20250807123014.0 | ||
| 007 | t| | ||
| 008 | 031028s1914 fr ||||1| fre d | ||
| 100 | 1 |
_aEllwood, Charles A. _947063 |
|
| 245 | 1 | 0 |
_aPrincipes de psycho-sociologie / _cpar Charles A. Ellwood ; traduit de l'anglais par Pierre Combret de Lanux ; avant-propos par René Worms. |
| 260 |
_aParis : _bM. Giard & E. Brière, _c1914. |
||
| 300 |
_aIV, 307 p. ; _c23 cm. |
||
| 700 | 1 |
_aCombret de Lanux, Pierre. _939981 |
|
| 700 | 1 |
_aWorms, René, _d1869-1926 _9117375 |
|
| 852 |
_aES-MaACL _jF-6797 |
||
| 999 |
_c59200 _d59200 |
||